Obálka Náhled e-knihy:
Epub
Pro půjčování e-knih musíte být přihlášeni.
Jak si půjčit online?

Pravidla hry /

Ash je talentovaným hráčem amerického fotbalu, kterému se však po úrazu začne rozpadat okolní realita a on se ocitá v jiných dimenzích.

Uloženo v:
Hlavní autor: Shusterman, Neal, 1962- (Autor)
Další autoři: Bokůvka, Petr (Autor)
Médium: E-kniha
Jazyk:Czech
Vydáno: Praha : Euromedia Group, 2024
Vydání:Vydání první
Edice:Yoli
Témata:
Tagy:
Žádné tagy
LEADER 02819nam a2200541 i 4500
001 312335
003 CZ PrSKC
005 20260601215721.0
007 ta
008 240417s2024 xr d 000 f cze
015 |a cnb003601907 
020 |a 9788024295695  |q (brožováno) 
035 |a (OCoLC)1433647291 
040 |a ABG001  |b cze  |e rda 
041 1 |a cze  |h eng 
072 7 |a 821.111(73)-3  |x Americká próza  |2 Konspekt 
072 7 |a 821-93  |x Literatura pro děti a mládež (beletrie)  |2 Konspekt 
080 |a 821.111(73)-31  |2 MRF 
080 |a 821-93-053.67  |2 MRF 
080 |a 821-93  |2 MRF 
080 |a (0:82-311.9)  |2 MRF 
100 1 |a Shusterman, Neal,  |d 1962-  |7 xx0201653  |4 aut 
240 1 0 |a Game changer.  |l Česky 
245 1 0 |a Pravidla hry /  |c Neal Shusterman ; přeložil Petr Bokůvka 
250 |a Vydání první 
264 1 |a Praha :  |b Euromedia Group,  |c 2024 
300 |a 367 stran ;  |c 20 cm 
336 |a text  |b txt  |2 rdacontent 
337 |a bez média  |b n  |2 rdamedia 
338 |a svazek  |b nc  |2 rdacarrier 
490 1 |a Yoli 
500 |a Přeloženo z angličtiny 
520 2 |a Ash je talentovaným hráčem amerického fotbalu, kterému se však po úrazu začne rozpadat okolní realita a on se ocitá v jiných dimenzích.  |b Stačil jeden úder na fotbalovém hřišti, aby se Ashtonův život dočista proměnil. Najednou nic nevypadá tak, jak si to pamatuje, protože ač se to zdá nemožné, Ash se ocitl v jiné dimenzi. Od té chvíle se pohybuje po světech, které jsou téměř jako ten jeho - ale ne tak docela. Začalo to drobnými změnami, které se ale rychle vymkly kontrole, a Ash sklouznul do vesmírů, kde může mít všechno, co si kdy přál... Do vesmírů, které ho pomalu učí dívat se na svůj život úplně jinýma očima. Pokud si však nedá pozor, mohl by mu jeho skutečný svět proklouznout mezi prsty a navždy zmizet... Nakladatelská anotace. 
655 7 |a americké romány  |7 fd131796  |2 czenas 
655 7 |a vědecko-fantastické romány  |7 fd133847  |2 czenas 
655 7 |a literatura young adult  |7 fd1185572  |2 czenas 
655 7 |a publikace pro mládež  |7 fd133157  |2 czenas 
655 9 |a American fiction  |2 eczenas 
655 9 |a science fiction novels  |2 eczenas 
655 9 |a young adult literature  |2 eczenas 
655 9 |a juvenile literature  |2 eczenas 
700 1 |a Bokůvka, Petr  |7 mzk2017947716  |4 trl 
830 0 |a Yoli 
900 |a ABA001  |b 20 
044 |a xr 
910 |a RBIT002 
998 |d 401394  |a https://core.palmknihy.cz/api/books/401394/cover?saqv8h  |b https://core.palmknihy.cz/api/books/401394/cover/400?saqv8h  |c https://core.palmknihy.cz/api/books/401394/cover/50?saqv8h  |e 2027-08-18  |g 368  |i 9788024295695  |j https://core.palmknihy.cz/api/books/401394/preview.epub  |l   |q 49  |r 1  |s https://www.palmknihy.cz/kniha/401394  |t ebook  |y 2024  |z 0 
999 |d 312333